4 to 13 letters quiz # N - Statistics

General Stats
  • This quiz has been taken 40 times
  • The average score is 7 of 10
Answer Stats
Hint Answer # of Letters % Correct
Landlocked country that shares Mt. Everest with China Nepal 5
100%
World's longest river Nile 4
100%
Most populous African country Nigeria 7
95%
European country with nearly 1/3 of its land area below sea level Netherlands 11
92%
Oceanian country home to the Māori New Zealand 10
89%
Present day US state where the 'Lost Colony' was founded North Carolina 13
81%
US state containing White Mountain National Forest New Hampshire 12
73%
Fourth most populous Japanese city Nagoya 6
41%
Only Oceanian capital with an accent mark Nuku'alofa 9
27%
Capital of 'The Dead Heart of Africa' N'Djamena 8
24%
No matching quizzes found
Score Distribution
Percent of People with Each Score
Percentile by Number Answered
Your Score History
You have not taken this quiz